00691nam a22002057a 450000500170000001000130001702000100003003500130004003700160005304000120006908200160008110000180009724501290011526000420024427000490028630000220033550000500035765000430040765000350045020170124110111.0 aA-079709 c00.00 aA-079709 bCen Lib/Ret aDPLbEN a954.41bVAR aVarma, Sushma aMountstuart Elphinstone in Maharashtra,1801-1827 :cby Sushma Varmaba study of the territories conquered from the Peshwas / aNew DelhibK.P.Bagchi & Companyc1981 bNew DelhiaJ 1698, Chittaranjan Parke110019 ax,284p.c20cm(Hb) aIncludes bibliographical references and index aElphinstone, Mountstuart, -- 1779-1859 aMaharashtra (India) -- History